000 00447nam a2200157Ia 4500
005 20250310031225.0
008 240331s9999 xx 000 0 und d
020 _a9559556304
082 _a891
_bDOO
100 _aAmarasinge, A.T
245 0 _aDoona kathirina devi
260 _aNugegoda
_bDipaani Pvt Limited
_c1993
300 _a231 p .,
500 _aAncient Historical story of Doona Katharina queen getting married to Portuguesa
942 _cL
999 _c4789
_d4789